Šašo a husitské sprisahanie v Brne

Bibliographic Details
Main Authors: Uhlíř, Dušan 1938- (Author), Kalábová, M.trl (Author)
Format: Article
Language:Slovak
Subjects:

MARC

LEADER 00000nab a2200000 a 4500
001 vtls000831108
003 SK-MaSNL
005 20260304215715.0
008 250429c2003 xo 0 slo
015 |a SNBRB2003/04-10744 
035 |a CLN000182763 
035 |a urn:nbn:sk:snk-ab98ww 
035 |a (urnnbn)urn:nbn:sk:snk:ar-a0822i 
035 |a (uuid)1b53620b-2499-4c02-ab01-a1bb005fbfc8 
040 |a SNKBUCL  |b slo  |c SNKBUCL  |e AACR2 
041 0 |a slo 
044 |a xo  |c SK 
080 |a 943.72"1422"  |2 1997 
080 |a 946.0-051"14"  |2 1997 
100 1 |a Uhlíř, Dušan  |d 1938-  |4 aut  |9 589049 
245 1 0 |a Šašo a husitské sprisahanie v Brne  |c Dušan Uhlíř ; z češtiny preložila M. Kalábová 
300 |b Obr. 
600 1 7 |a Tallander, Antonio  |d ?-?1446  |2 snkbucl  |9 1550681 
650 0 7 |a husiti  |x sprisahanie  |z Brno (Česko)  |y 1422  |x Tallander, Antonio, ?-?1446  |x odhalenie  |x legendy  |2 snkbucl  |9 1550682 
651 7 |a Brno (Česko)  |2 SNKPHgeo  |9 29499 
655 7 |a články z novín a časopisov  |2 snkbucl  |9 267496 
700 1 |a Kalábová, M.trl  |4 aut  |9 1550683 
773 0 |t História  |g Roč. 3, č. 2 (2003), s. 32-33  |x 1335-8316 
850 |a Slovenská národná knižnica 
852 |a Slovenská národná knižnica 
954 |a odborná, vedecká literatúra pôvodná (slovenská)  |2 lita 
958 |a article13 
958 |a CZ 
958 |a ES 
958 |a OND 
958 |a EUIPO 
992 |a RBX 
999 |c 3147828  |d 3149758